000 00309nam a22001457a 4500
020 _a978-0672315329
041 _aENG
100 _aPeter Nortons
245 _aPeter Inside The PC
250 _aElghth ED
260 _aDelhi
_bTechmedia
_c1998
300 _a816
650 _aComputer
856 _uComputer
999 _c754
_d754